00421nam a2200157Ia 4500003000400000008004100004040001600045082001600061100002400077245005000101260005200151300001000203650001600213650001700229650001700246GCL140319s9999 xx 000 0 eng d aGCL / cGCL04a617.51bH H1 aHARMSBERGER, H. RIC10aHEAD AND NECK IMAGING / cHARMSBERGER, H. RIC a[S.N] : bYEAR BOOK MEDICAL PUBLISHER ، c1990 a547 P04aRADIOGRAPHY04aHEAD IMAGING04aNECK IMAGING